| 000 | 00597nam a22001817a 4500 | ||
|---|---|---|---|
| 005 | 20250219120007.0 | ||
| 010 | _aENG-143880 | ||
| 020 |
_c280.00 _a9789352102884 |
||
| 035 | _aEN-127312 | ||
| 037 | _bDBAD | ||
| 082 |
_a188.499 _201 |
||
| 100 |
_aPanda Sunayana _978023 |
||
| 245 |
_aTalks By Nirodbaran _cBy Sunayana Panda _bApril 1971- September _hEnglish |
||
| 260 |
_aPondicherry _bSri Aurobindo Ashram Publication Department _c2023 |
||
| 270 |
_bPondicherry _aSri Aurobindo Ashram Trust _e605002 |
||
| 300 |
_a218 pp _c22cm(pbk) |
||
| 942 |
_2ddc _cEN _h188.499 _mPAN _e01 |
||
| 999 |
_c209374 _d209374 |
||